ا نتخا ب نہج ا لبلا غہ (ا ر د و تر جمے ) (Record no. 174277)

MARC details
000 -LEADER
fixed length control field 00903nam a22001937a 4500
005 - DATE AND TIME OF LATEST TRANSACTION
control field 20200601161009.0
010 ## - LCCN (DPL NO)
LC control number UR-10770
020 ## - INTERNATIONAL STANDARD BOOK NUMBER
Terms of availability 300.00
International Standard Book Number 9789389002379
035 ## - SYSTEM CONTROL NUMBER
System control number U-9325
037 ## - SOURCE OF ACQUISITION
Source of stock number/acquisition DBAD/PUB
Stock number -
082 ## - DEWEY DECIMAL CLASSIFICATION NUMBER
Classification number 270.44
100 ## - MAIN ENTRY--PERSONAL NAME
Personal name مر تبين:سيد عا د ل ا ختر و پر و فيسر سيد حيد ر عبا س ر ضو ی
245 ## - TITLE STATEMENT
Title ا نتخا ب نہج ا لبلا غہ (ا ر د و تر جمے )
Statement of responsibility, etc مر تبين:سيد عا د ل ا ختر و پر و فيسر سيد حيد ر عبا س ر ضو ی
246 ## - VARYING FORM OF TITLE
Remainder of title Intekhab-e-Nehjul Balaghah(Urdu Translation) (Urdu)
Title proper/short title Edited by Syed Adil Akhtar and Prof. Syed Haider Abbas Rizvi
260 ## - PUBLICATION, DISTRIBUTION, ETC. (IMPRINT)
Place of publication, distribution, etc Delhi
Name of publisher, distributor, etc Educational Publishing House
Date of publication, distribution, etc 2019 ء
270 ## - ADDRESS
Address 3191,Vakil Street,Kucha Pandit Lal Kuan,
City Delhi
Postal code 110006
Telephone number 23216162
Fax number -
300 ## - PHYSICAL DESCRIPTION
Extent 261 ص
Dimensions 22 Cm(Hb)
942 ## - ADDED ENTRY ELEMENTS (KOHA)
Source of classification or shelving scheme Dewey Decimal Classification
Item type Urdu Bks
Classification part 270.44
Call number suffix ت ر ج
Holdings
Withdrawn status Lost status Not for loan Collection code Home library Current library Date acquired Source of acquisition Cost, normal purchase price Full call number Barcode Copy number Cost, replacement price Koha item type
      Non-fiction Central Library Central Library 01/06/2020 DBAD/PUB 300.00 270.44 ت ر ج U-9325 1 300.00 Urdu Bks

© Delhi Public Library
Hit Counter
free hit counter